[Event "BEM MT"]
[Site "Gifhorn"]
[Date "2001.10.01"]
[Round "5"]
[White "Müller, Fabian"]
[Black "Twele, Uwe"]
[Result "1-0"]
[WhiteElo "2027"]
[BlackElo "2079"]
[PlyCount "155"]
[EventDate "2001.09.29"]

1. e4 e6 2. Qe2 c5 3. Nf3 Nc6 4. g3 Be7 5. Bg2 d6 6. d3 Bd7 7. Nbd2 b5 8. h4 a5
9. O-O Rb8 10. Re1 h6 11. Nf1 Qc7 12. c3 Nf6 13. Ne3 O-O 14. Nh2 e5 15. Nhg4
Nxg4 16. Nxg4 Bxg4 17. Qxg4 Qc8 18. Qh5 Qe6 19. Kh2 f6 20. Bh3 Qf7 21. Qf3 Rfd8
22. Bf5 g6 23. Qg4 Kh7 24. Be6 Qg7 25. f4 Rf8 26. f5 g5 27. hxg5 fxg5 28. Kg2
Qf6 29. Rh1 Kg7 30. Be3 Rh8 31. Bd5 Nd8 32. Rh5 Nf7 33. Rah1 Rbg8 34. Qd1 Rb8
35. R1h2 Rh7 36. Qh1 Rg8 37. Qd1 Rb8 38. R5h3 Rbh8 39. Qh5 Nd8 40. Rh1 Nf7 41.
Be6 Rf8 42. Qg6+ Qxg6 43. fxg6 Kxg6 44. Bf5+ Kg7 45. Bxh7 Kxh7 46. Rf1 Kg6 47.
g4 Rc8 48. Rhf3 Nd8 49. d4 cxd4 50. cxd4 Ne6 51. d5 Nf4+ 52. Bxf4 gxf4 53. Rc3
Rg8 54. Rc7 Kf6 55. Kf3 h5 56. gxh5 Rg3+ 57. Kf2 Rh3 58. Rg1 Rxh5 59. Rb7 b4
60. Rb8 Rh3 61. Rbg8 Rh7 62. Ra8 Rh2+ 63. Rg2 Rh3 64. Rxa5 Re3 65. Ra7 Rxe4 66.
Rg8 Rd4 67. Re8 Rxd5 68. Rexe7 Rd2+ 69. Kf3 Rxb2 70. Rh7 Rd2 71. Rh6+ Kg5 72.
Rh8 Kf5 73. Rf8+ Ke6 74. Re8+ Kf6 75. Rb8 Kf5 76. Rf8+ Ke6 77. Ra6 Kd5 78.
Rxd6+ 1-0

[Event "BEM MT"]
[Site "Gifhorn"]
[Date "2001.10.01"]
[Round "5"]
[White "Baucke, Gerrit"]
[Black "Gabor, Gregor"]
[Result "1-0"]
[WhiteElo "1988"]
[BlackElo "1888"]
[PlyCount "80"]
[EventDate "2001.09.29"]

1. Nc3 d5 2. e4 c6 3. d3 g6 4. Bd2 Bg7 5. Qe2 d4 6. Nd1 e5 7. g3 Ne7 8. Bh3 O-O
9. Bxc8 Nxc8 10. h4 h6 11. f4 Qe8 12. f5 gxf5 13. exf5 e4 14. dxe4 Nd6 15. Nf2
Qe5 16. Bf4 Qa5+ 17. Kf1 Rd8 18. g4 Qb5 19. Nd3 c5 20. a4 Qc4 21. e5 Qd5 22.
Rh3 Nc4 23. f6 Bf8 24. g5 Qe6 25. Rg3 Qf5 26. gxh6+ Kh8 27. Rg5 Ne3+ 28. Kf2
Qe4 29. Nf3 c4 30. Rag1 Bb4 31. h7 Nc6 32. Nd2 Bxd2 33. Qh5 Nd1+ 34. Rxd1 Be3+
35. Bxe3 Qxe3+ 36. Kf1 cxd3 37. Qxf7 Qe2+ 38. Kg1 Qxd1+ 39. Kh2 Qe2+ 40. Rg2
Qxe5+ {ZUe} 1-0

[Event "BEM MT"]
[Site "Gifhorn"]
[Date "2001.10.01"]
[Round "5"]
[White "Klettke, Wolfgang"]
[Black "Eickhoff, Hermann"]
[Result "1/2-1/2"]
[WhiteElo "2007"]
[BlackElo "1938"]
[PlyCount "60"]
[EventDate "2001.09.29"]

1. e4 c5 2. Nf3 d6 3. Bb5+ Bd7 4. Bxd7+ Qxd7 5. c4 Nc6 6. O-O g6 7. d4 cxd4 8.
Nxd4 Bg7 9. Be3 Nf6 10. f3 O-O 11. Nc3 Rfd8 12. Rc1 Rac8 13. b3 e6 14. f4 Ng4
15. Qxg4 Nxd4 16. Rfd1 f5 17. Qg5 Nc6 18. e5 Qf7 19. exd6 b6 20. Nb5 Rd7 21.
Rd2 Rcd8 22. Rcd1 h6 23. Qg3 e5 24. fxe5 Nxe5 25. Bd4 f4 26. Qc3 Qf5 27. Bxe5
Bxe5 28. Qf3 a6 29. Nd4 Bxd4+ 30. Rxd4 Rxd6 1/2-1/2

[Event "BEM MT"]
[Site "Gifhorn"]
[Date "2001.10.01"]
[Round "5"]
[White "Tonndorf, Matthias"]
[Black "Garbuszus, Jürgen"]
[Result "1-0"]
[WhiteElo "1920"]
[BlackElo "1888"]
[PlyCount "115"]
[EventDate "2001.09.29"]

1. e4 d6 2. d4 Nf6 3. Nc3 c6 4. f4 Qa5 5. Bd3 e5 6. fxe5 dxe5 7. dxe5 Ng4 8. h3
Nxe5 9. Nf3 Nbd7 10. O-O Bd6 11. Be3 O-O 12. Nd4 Bc5 13. Kh1 Bxd4 14. Bxd4 c5
15. Be3 c4 16. Be2 b5 17. Nd5 Bb7 18. Bd2 Qd8 19. Bb4 Re8 20. Bg4 Nb6 21. Ne7+
Rxe7 22. Qxd8+ Rxd8 23. Bxe7 Rd2 24. Rad1 Rxd1 25. Rxd1 h5 26. Bf3 Na4 27. Rd8+
Kh7 28. Rb8 Bc6 29. b3 Nc3 30. Bd6 Nd7 31. Rc8 Bxe4 32. Bxe4+ Nxe4 33. bxc4 Nb6
34. Rc6 Nxc4 35. Bb8 a5 36. a4 Na3 37. axb5 Nxb5 38. Ra6 Nd4 39. Rxa5 Nxc2 40.
Rxh5+ Kg6 41. Rh4 Nf6 42. Be5 Ne3 43. Bxf6 Kxf6 44. Rf4+ Kg6 45. Kg1 Nd5 46.
Rd4 Nc7 47. Kf2 Ne6 48. Rd7 Ng5 49. Ke3 Ne6 50. h4 f6 51. Re7 Nf8 52. g3 f5 53.
Ra7 Kh6 54. Kf4 g6 55. Re7 Nh7 56. Rf7 g5+ 57. hxg5+ Nxg5 58. Rf6+ 1-0

[Event "BEM MT"]
[Site "Gifhorn"]
[Date "2001.10.01"]
[Round "5"]
[White "Buchholz, Ralf"]
[Black "Neumann, Ingo"]
[Result "1/2-1/2"]
[WhiteElo "1972"]
[BlackElo "1950"]
[PlyCount "132"]
[EventDate "2001.09.29"]

1. d4 f5 2. Nf3 e6 3. Bg5 Be7 4. Bxe7 Qxe7 5. c3 Nf6 6. e3 b6 7. Nbd2 Bb7 8.
Bd3 d5 9. Ne5 c6 10. Qe2 Nbd7 11. Ndf3 Nxe5 12. Nxe5 g6 13. Ba6 Rc8 14. Bxb7
Qxb7 15. a4 Rc7 16. a5 b5 17. Nd3 a6 18. O-O O-O 19. f3 Re8 20. b3 Qc8 21. Rac1
Nd7 22. c4 dxc4 23. bxc4 e5 24. Qa2 Kg7 25. cxb5 cxb5 26. Qd5 exd4 27. Rxc7
Qxc7 28. Rc1 Qd8 29. Qxd4+ Nf6 30. Qxd8 Rxd8 31. Nb4 Rd6 32. Kf2 Kf7 33. Rc7+
Ke6 34. Ke2 Nd7 35. Ra7 h5 36. Nxa6 Kd5 37. Nc7+ Kc4 38. Ne8 Rd5 39. Rc7+ Kb4
40. a6 Nb6 41. Rc6 Rd8 42. Nc7 Na8 43. Ne6 Rb8 44. Nf4 Ka5 45. Rxg6 b4 46. Kd2
Rc8 47. Ne2 Nb6 48. Rg5 b3 49. Rxf5+ Kxa6 50. Nc3 b2 51. Rb5 Rxc3 52. Rxb2 Rc8
53. Kd3 Re8 54. e4 Na4 55. Rc2 Kb5 56. Kd4 h4 57. f4 Rd8+ 58. Ke3 Nc5 59. e5
Rd3+ 60. Ke2 Ra3 61. f5 Kc6 62. Rd2 Ne4 63. Rd4 Ng5 64. e6 Ra5 65. Rxh4 Rxf5
66. Rg4 Nxe6 {usw. Schlussstellung wKf4, sKf6, sSg5} 1/2-1/2

[Event "BEM MT"]
[Site "Gifhorn"]
[Date "2001.10.01"]
[Round "5"]
[White "Othmer, Michael"]
[Black "Bassy, Claus-Peter"]
[Result "1-0"]
[WhiteElo "1917"]
[BlackElo "1946"]
[PlyCount "73"]
[EventDate "2001.09.29"]

1. e4 c5 2. Nf3 Nc6 3. d4 cxd4 4. Nxd4 d6 5. Nc3 Bd7 6. Be2 Nf6 7. Be3 g6 8.
O-O Bg7 9. Nb3 O-O 10. f4 Qc8 11. Bf3 h5 12. Kh1 h4 13. a4 h3 14. gxh3 Bxh3 15.
Rg1 Kh7 16. Rg3 Bh6 17. Nd5 Nxd5 18. exd5 Nd8 19. Qe2 Bf5 20. Nd4 f6 21. Qg2
Nf7 22. Nxf5 gxf5 23. Bh5 Qc4 24. Rg1 Qe4 25. Qxe4 fxe4 26. Bg6+ Kg7 27. Bxe4+
Kh8 28. Bg6 Kg7 29. Bf5+ Kh8 30. Be6 Kh7 31. Rh3 Rg8 32. Bxf7 Rxg1+ 33. Kxg1
Kg7 34. Be6 Rh8 35. Kg2 a6 36. Kf3 b5 37. f5 1-0

[Event "BEM MT"]
[Site "Gifhorn"]
[Date "2001.10.01"]
[Round "5"]
[White "Saide, Samer"]
[Black "Jakobeit, David"]
[Result "1-0"]
[WhiteElo "1692"]
[BlackElo "1671"]
[PlyCount "79"]
[EventDate "2001.09.29"]

1. d4 Nf6 2. Bf4 g6 3. Nf3 Bg7 4. e3 d6 5. h3 a6 6. Nbd2 b5 7. c3 c5 8. Be2 Nc6
9. O-O O-O 10. a4 b4 11. Nb3 bxc3 12. bxc3 cxd4 13. cxd4 Nd5 14. Bg3 Nc3 15.
Qd2 Nxe2+ 16. Qxe2 a5 17. Qb5 Bd7 18. Qc4 Rc8 19. Qa6 Rb8 20. Rfb1 Rb6 21. Qc4
Rb4 22. Qc3 Qb6 23. Nfd2 Qa6 24. Rc1 Rc8 25. Nc4 Nxd4 26. exd4 Rcxc4 27. Qe3 e6
28. Qg5 Rxb3 29. Qd8+ Bf8 30. Qxd7 Rb7 31. Qd8 Qb6 32. Qa8 Rb8 33. Qe4 Rxd4 34.
Qf3 Qb7 35. Qe3 Qe4 36. Qc3 Rxa4 37. Rxa4 Qxa4 38. Qc7 Qb4 39. Rd1 d5 40. Qxb8
1-0

[Event "BEM MT"]
[Site "Gifhorn"]
[Date "2001.10.01"]
[Round "6"]
[White "Baucke, Gerrit"]
[Black "Müller, Fabian"]
[Result "1-0"]
[WhiteElo "1988"]
[BlackElo "2027"]
[PlyCount "55"]
[EventDate "2001.09.29"]

1. Nc3 d5 2. e4 c6 3. d3 dxe4 4. Nxe4 g6 5. Bd2 Bg7 6. Bc3 f6 7. f4 Nh6 8. Qe2
O-O 9. O-O-O Qd5 10. b3 Bg4 11. Nf3 b5 12. Qf2 Nd7 13. Be2 e5 14. fxe5 fxe5 15.
h3 Be6 16. Bb4 Rfc8 17. c4 Bf8 18. cxd5 cxd5+ 19. Kb1 Bxb4 20. Neg5 Nc5 21. Qh4
Nf5 22. Qxh7+ Kf8 23. Nxe6+ Nxe6 24. Nxe5 Rc7 25. Nxg6+ Ke8 26. Qg8+ Kd7 27.
Qxa8 Ne3 28. Rc1 1-0

[Event "BEM MT"]
[Site "Gifhorn"]
[Date "2001.10.01"]
[Round "6"]
[White "Twele, Uwe"]
[Black "Tonndorf, Matthias"]
[Result "1-0"]
[WhiteElo "2079"]
[BlackElo "1920"]
[PlyCount "147"]
[EventDate "2001.09.29"]

1. e4 c5 2. f4 d5 3. e5 Nc6 4. Nf3 Bg4 5. c3 e6 6. h3 Bxf3 7. Qxf3 Be7 8. Bd3
g6 9. O-O h5 10. a4 h4 11. Na3 Qd7 12. Bb5 a6 13. Bxc6 Qxc6 14. Nc2 Nh6 15. d3
Nf5 16. Bd2 Rc8 17. Rfb1 c4 18. d4 Kf8 19. Be1 Kg7 20. Ne3 Nxe3 21. Qxe3 Rc7
22. Qe2 b5 23. Qd1 Rb7 24. axb5 axb5 25. b4 Qb6 26. Ra2 Ra7 27. Rba1 Rha8 28.
Qb1 Ra6 29. Qb2 R8a7 30. Rxa6 Rxa6 31. Kf2 Qa7 32. Rxa6 Qxa6 33. Bd2 Qa4 34.
Qc1 Qa2 35. Kf3 Kf8 36. g3 hxg3 37. Kxg3 Ke8 38. Kg4 Kd7 39. Kg3 Qa8 40. Kg2
Kc7 41. Qd1 Kb7 42. Kg3 Qh8 43. Qg4 Qh7 44. Qf3 Qh4+ 45. Kg2 Bf8 46. Qg4 Qe7
47. h4 Qe8 48. h5 gxh5 49. Qxh5 Be7 50. Qh7 Kc6 51. Kf3 f5 52. exf6 Bxf6 53.
Be1 Be7 54. Bg3 Qf8 55. Qg6 Kd7 56. Kg4 Bd6 57. Qh7+ Kc6 58. Qg6 Qc8 59. Kf3
Qd7 60. Qg8 Kb7 61. Bh4 Bc7 62. Bf6 Qc8 63. Qg7 Kc6 64. Be5 Bb6 65. Qe7 Qd7 66.
Qf8 Qd8 67. Qf7 Qd7 68. Qg6 Bd8 69. f5 Qe7 70. f6 Qf8 71. Qg7 Qe8 72. f7 Qe7
73. f8=Q Qh4 74. Qc5# 1-0

[Event "BEM MT"]
[Site "Gifhorn"]
[Date "2001.10.01"]
[Round "6"]
[White "Gabor, Gregor"]
[Black "Eickhoff, Hermann"]
[Result "1-0"]
[WhiteElo "1888"]
[BlackElo "1938"]
[PlyCount "99"]
[EventDate "2001.09.29"]

1. Nf3 c5 2. g3 g6 3. Bg2 Bg7 4. e4 Nc6 5. O-O Nf6 6. Re1 e5 7. c3 O-O 8. d4 d6
9. dxe5 dxe5 10. Qxd8 Rxd8 11. Bg5 h6 12. Bxf6 Bxf6 13. Nbd2 Be6 14. Bf1 a6 15.
Bc4 Bg4 16. Bd5 Rac8 17. Kg2 b5 18. Nf1 Rd6 19. Ne3 Bxf3+ 20. Kxf3 Ne7 21. Red1
Rcd8 22. h4 Bg7 23. Bb7 a5 24. Rxd6 Rxd6 25. Rd1 Rxd1 26. Nxd1 f5 27. Ba6 b4
28. Ne3 Kf7 29. Bb5 Ke6 30. Nc4 fxe4+ 31. Kxe4 Nf5 32. Be8 Nd6+ 33. Nxd6 Kxd6
34. Bxg6 c4 35. a4 Kc5 36. Bf7 Bh8 37. Bh5 Bg7 38. Bf3 Bh8 39. Bd1 Bg7 40. Bc2
Bh8 41. f3 bxc3 42. bxc3 Bg7 43. g4 Bf6 44. g5 hxg5 45. h5 Bg7 46. Kf5 e4 47.
fxe4 Bxc3 48. e5 g4 49. h6 g3 50. Be4 1-0

[Event "BEM MT"]
[Site "Gifhorn"]
[Date "2001.10.01"]
[Round "6"]
[White "Neumann, Ingo"]
[Black "Klettke, Wolfgang"]
[Result "0-1"]
[WhiteElo "1950"]
[BlackElo "2007"]
[PlyCount "112"]
[EventDate "2001.09.29"]

1. e4 c5 2. f4 g6 3. c3 d5 4. e5 Nc6 5. Nf3 h5 6. d3 Nh6 7. Be3 d4 8. Bg1 Nf5
9. g3 Qb6 10. Qb3 Be6 11. Qxb6 axb6 12. a3 Rd8 13. c4 f6 14. exf6 exf6 15. Nbd2
Kf7 16. Ne4 Nd6 17. Nxd6+ Bxd6 18. Kd2 h4 19. Bg2 Bg4 20. Nxh4 Bxf4+ 21. Kc2
Bd6 22. Bf2 Rde8 23. Rae1 Rxe1 24. Bxe1 Re8 25. Bd2 g5 26. Bd5+ Kg7 27. Ng2 Rh8
28. Ne1 Kg6 29. h3 Rxh3 30. Rxh3 Bxh3 31. Nf3 Bxg3 32. Be4+ Bf5 33. Bd5 g4 34.
Be1 Bxe1 35. Nxe1 Kg5 36. Kd2 Bg6 37. Ke2 f5 38. b3 f4 39. Kf2 Bf5 40. Kg2 Kh4
41. Kf2 Kg5 42. Kg2 Ne5 43. Bxb7 Nxd3 44. Nxd3 Bxd3 45. Bd5 Bc2 46. b4 Kf5 47.
bxc5 bxc5 48. Kf2 f3 49. Kg3 Ba4 50. Bg8 Ke4 51. Be6 Ke3 52. Bxg4 f2 53. Kg2 d3
54. Kf1 d2 55. Bf3 d1=Q+ 56. Bxd1 Bxd1 0-1

[Event "BEM MT"]
[Site "Gifhorn"]
[Date "2001.10.01"]
[Round "6"]
[White "Jakobeit, David"]
[Black "Othmer, Michael"]
[Result "1/2-1/2"]
[WhiteElo "1671"]
[BlackElo "1917"]
[PlyCount "90"]
[EventDate "2001.09.29"]

1. e4 c5 2. Nf3 Nc6 3. Nc3 g6 4. d4 cxd4 5. Nxd4 Bg7 6. Be3 d6 7. Bc4 Nf6 8. f3
O-O 9. Qd2 Bd7 10. g4 Ne5 11. Bb3 Rc8 12. O-O-O Nc4 13. Bxc4 Rxc4 14. Kb1 a5
15. h4 h5 16. gxh5 Nxh5 17. Nde2 a4 18. a3 b5 19. Nd5 e6 20. Nb4 Qf6 21. Nd4 d5
22. exd5 exd5 23. c3 Be6 24. Bg5 Rxd4 25. Qxd4 Qxf3 26. Qe3 Qe4+ 27. Ka1 Rc8
28. Rhe1 Qc4 29. Qd3 Qb3 30. Nxd5 Rxc3 31. Qxc3 Bxc3 32. Nxc3 b4 33. Rd8+ Kg7
34. Rb8 Qc2 35. Rxb4 Qf2 36. Rc1 f6 37. Rb7+ Kh8 38. Rb8+ Kh7 39. Ne4 Qf5 40.
Rc7+ Bd7 41. Nxf6+ Nxf6 42. Bxf6 Qf1+ 43. Ka2 Qxf6 44. Rxd7+ Kh6 45. Rbd8 Qe5
1/2-1/2

[Event "BEM MT"]
[Site "Gifhorn"]
[Date "2001.10.01"]
[Round "6"]
[White "Bassy, Claus-Peter"]
[Black "Buchholz, Ralf"]
[Result "1/2-1/2"]
[WhiteElo "1946"]
[BlackElo "1972"]
[PlyCount "127"]
[EventDate "2001.09.29"]

1. e4 d6 2. f4 g6 3. d4 Bg7 4. c3 e6 5. Nf3 Bd7 6. Bd3 Ne7 7. Be3 b6 8. Qc2 f5
9. Nbd2 d5 10. e5 a5 11. h4 h5 12. Ng5 Na6 13. Ndf3 Bh6 14. Qe2 Qc8 15. a3 c6
16. c4 Nc7 17. O-O dxc4 18. Bxc4 Ncd5 19. Bd2 Kf8 20. Rfc1 Bxg5 21. Nxg5 Kg7
22. Rc2 Qb7 23. Rac1 Rhc8 24. Ba2 Qa7 25. Qf2 Qb7 26. Nf3 Ng8 27. Bxd5 cxd5 28.
Bc3 Nh6 29. Be1 Rxc2 30. Rxc2 Rc8 31. Qd2 Nf7 32. Rxc8 Bxc8 33. b4 a4 34. Qc2
Bd7 35. Bd2 Bb5 36. Ng5 Nd8 37. Qc3 Bc4 38. Kh2 Qd7 39. Kg1 Nc6 40. Kh2 Na7 41.
Be3 Nb5 42. Qb2 Kf8 43. Nf3 Ke7 44. Bc1 Bb3 45. Nd2 Bd1 46. Kg1 Qc6 47. Kf2
Nxd4 48. Qxd4 Qxc1 49. Nf3 Bxf3 50. gxf3 Qc6 51. Kg3 Kd7 52. Kh3 Kc7 53. Kg3
Qc4 54. Qd1 d4 55. Qxa4 d3 56. Qa7+ Kc6 57. Qa8+ Kd7 58. Qa4+ Qc6 59. b5 Qc5
60. Qa7+ Ke8 61. Qb8+ Kf7 62. Qd8 Qg1+ 63. Kh3 Qf1+ 64. Kg3 1/2-1/2

[Event "BEM MT"]
[Site "Gifhorn"]
[Date "2001.10.01"]
[Round "6"]
[White "Saide, Samer"]
[Black "Garbuszus, Jürgen"]
[Result "0-1"]
[WhiteElo "1692"]
[BlackElo "1888"]
[PlyCount "64"]
[EventDate "2001.09.29"]

1. d4 f5 2. c4 Nf6 3. Nc3 e6 4. a3 Be7 5. Nf3 O-O 6. Bf4 b6 7. e3 Bb7 8. Be2 h6
9. h3 d6 10. O-O Qe8 11. c5 g5 12. Bh2 g4 13. hxg4 Nxg4 14. Bf4 Qg6 15. Nb5 e5
16. cxd6 cxd6 17. dxe5 dxe5 18. Qb3+ Kh7 19. Bg3 Nc6 20. Nc7 Rac8 21. Nd5 Qf7
22. Qa2 Nd4 23. exd4 Bxd5 24. Qb1 Be4 25. Qe1 f4 26. Bh4 Rg8 27. Bc4 Qg6 28.
Bxg8+ Rxg8 29. Bxe7 Bxf3 30. g3 Qh5 31. Bh4 Qxh4 32. gxh4 Ne3+ 0-1

[Event "BEM MT"]
[Site "Gifhorn"]
[Date "2001.10.02"]
[Round "7"]
[White "Twele, Uwe"]
[Black "Baucke, Gerrit"]
[Result "1/2-1/2"]
[WhiteElo "2079"]
[BlackElo "1988"]
[PlyCount "43"]
[EventDate "2001.09.29"]

1. e4 c5 2. Nc3 Nc6 3. Nf3 g6 4. Bb5 Bg7 5. Bxc6 bxc6 6. O-O d5 7. d3 Bg4 8. h3
Bxf3 9. Qxf3 e6 10. Rb1 Qa5 11. exd5 cxd5 12. Bd2 Rd8 13. a3 Qc7 14. Rfe1 Ne7
15. Bg5 Rd7 16. Bf6 O-O 17. Bxg7 Kxg7 18. Ne2 e5 19. c4 Rfd8 20. Nc3 f5 21. Qe2
dxc4 22. dxc4 1/2-1/2

[Event "BEM MT"]
[Site "Gifhorn"]
[Date "2001.10.02"]
[Round "7"]
[White "Müller, Fabian"]
[Black "Tonndorf, Matthias"]
[Result "1/2-1/2"]
[WhiteElo "2027"]
[BlackElo "1920"]
[PlyCount "128"]
[EventDate "2001.09.29"]

1. e4 e5 2. Nf3 Nc6 3. Bb5 Nf6 4. O-O Nxe4 5. Re1 Nf6 6. Bxc6 dxc6 7. Nxe5 Be7
8. Qe2 Be6 9. d3 Nd7 10. Bf4 Rc8 11. Nc3 Nxe5 12. Bxe5 O-O 13. Qe3 b6 14. Qg3
Bf6 15. Bxf6 Qxf6 16. Re3 c5 17. Rae1 Qd4 18. Re4 Qd6 19. Re5 h6 20. Ne4 Qd8
21. Qe3 Qd4 22. Qg3 Qxb2 23. Nf6+ Kh8 24. Nh5 Rg8 25. Nf4 Bxa2 26. c4 Rcd8 27.
Nd5 Bb1 28. R5e2 Qb3 29. Re3 Bc2 30. h4 Rxd5 31. cxd5 Qxd5 32. Qxc7 Bxd3 33.
Qxa7 c4 34. Qxb6 Kh7 35. Re5 Qd7 36. Qb2 Qg4 37. Re7 Qxh4 38. Rxf7 Qh5 39. Rfe7
Qg4 40. Qd2 Qd4 41. R1e3 Rd8 42. Rg3 Rg8 43. Rc7 Qa1+ 44. Kh2 Qe5 45. Rc6 Rf8
46. Ra6 Rf4 47. Kg1 Rf7 48. Rh3 Rb7 49. f4 Qd4+ 50. Qe3 Rb1+ 51. Kh2 Qxe3 52.
Rxe3 c3 53. Rxd3 c2 54. Rc3 c1=Q 55. Rxc1 Rxc1 56. Kh3 Rf1 57. Kg4 Rg1 58. g3
h5+ 59. Kh3 g6 60. Ra7+ Kh6 61. Rb7 Rf1 62. Rb6 Kg7 63. Kh4 Rg1 64. Rb3 Kh6
1/2-1/2

[Event "BEM MT"]
[Site "Gifhorn"]
[Date "2001.10.02"]
[Round "7"]
[White "Klettke, Wolfgang"]
[Black "Gabor, Gregor"]
[Result "1/2-1/2"]
[WhiteElo "2007"]
[BlackElo "1888"]
[PlyCount "33"]
[EventDate "2001.09.29"]

1. e4 c6 2. d4 d5 3. exd5 cxd5 4. Bd3 Nc6 5. c3 Nf6 6. Bf4 Bg4 7. Qb3 Na5 8.
Qa4+ Bd7 9. Qc2 a6 10. Nf3 Bb5 11. Nbd2 e6 12. a4 Bxd3 13. Qxd3 Rc8 14. O-O Nc4
15. Nxc4 dxc4 16. Qe2 Be7 17. Rfe1 1/2-1/2

[Event "BEM MT"]
[Site "Gifhorn"]
[Date "2001.10.02"]
[Round "7"]
[White "Garbuszus, Jürgen"]
[Black "Othmer, Michael"]
[Result "0-1"]
[WhiteElo "1888"]
[BlackElo "1917"]
[PlyCount "80"]
[EventDate "2001.09.29"]

1. d4 Nf6 2. c4 c5 3. Nf3 cxd4 4. Nxd4 b6 5. Nc3 Bb7 6. Bg5 e6 7. e4 d6 8. Be2
a6 9. Bf3 Nbd7 10. Nde2 Ne5 11. Bf4 Nfd7 12. O-O Nxc4 13. Qb3 Nce5 14. Rfd1 Be7
15. Rd2 O-O 16. Rad1 Kh8 17. Nd4 Nc5 18. Qc2 Nc4 19. Re2 e5 20. Nf5 exf4 21.
Nxe7 Qxe7 22. Nd5 Bxd5 23. Rxd5 Ne5 24. b4 Ne6 25. Red2 Rfc8 26. Qb3 Rc1+ 27.
Bd1 Rc6 28. a4 f3 29. b5 axb5 30. axb5 Rc1 31. Rxd6 Qg5 32. g3 Qg4 33. Ra2 Re8
34. Kf1 Qh3+ 35. Ke1 Qxh2 36. Kd2 Qxf2+ 37. Kxc1 Qc5+ 38. Rc2 Qxd6 39. Bxf3 Nc5
40. Qe3 Ncd3+ 0-1

[Event "BEM MT"]
[Site "Gifhorn"]
[Date "2001.10.02"]
[Round "7"]
[White "Eickhoff, Hermann"]
[Black "Bassy, Claus-Peter"]
[Result "0-1"]
[WhiteElo "1938"]
[BlackElo "1946"]
[PlyCount "116"]
[EventDate "2001.09.29"]

1. c4 c5 2. g3 g6 3. Bg2 Bg7 4. Nf3 Nc6 5. Nc3 d6 6. O-O Nf6 7. d4 cxd4 8. Nxd4
Bd7 9. e3 O-O 10. b3 Qc8 11. Bb2 Bh3 12. Rc1 Bxg2 13. Kxg2 Rd8 14. Nd5 Qd7 15.
Nxc6 Qxc6 16. f3 Nxd5 17. cxd5 Qb6 18. Bxg7 Kxg7 19. Rc3 Rac8 20. Qa1 Kg8 21.
Rfc1 Rc5 22. Rxc5 dxc5 23. e4 e6 24. Qe5 exd5 25. exd5 Qa5 26. Rc2 Qb6 27. h4
h6 28. h5 gxh5 29. Qxh5 Qd6 30. Rd2 b6 31. Qf5 b5 32. Qe4 a6 33. f4 Rd7 34. Qe5
Rd8 35. g4 c4 36. bxc4 bxc4 37. Kf3 Qa3+ 38. Qe3 c3 39. Rd3 Qxa2 40. Rxc3 Qxd5+
41. Kg3 a5 42. Qc5 Qd2 43. Rf3 Qe1+ 44. Qf2 Qxf2+ 45. Rxf2 Rd3+ 46. Kh4 a4 47.
g5 hxg5+ 48. Kxg5 Kg7 49. Kf5 Rd5+ 50. Ke4 Ra5 51. Ra2 a3 52. Kf3 Kf6 53. Kg4
Ra4 54. Kh3 Kf5 55. Kg3 f6 56. Kg2 Kg4 57. Kg1 Kxf4 58. Rf2+ Ke3 0-1

[Event "BEM MT"]
[Site "Gifhorn"]
[Date "2001.10.02"]
[Round "7"]
[White "Buchholz, Ralf"]
[Black "Jakobeit, David"]
[Result "1-0"]
[WhiteElo "1972"]
[BlackElo "1671"]
[PlyCount "51"]
[EventDate "2001.09.29"]

1. d4 Nf6 2. Bg5 d6 3. Nc3 Nbd7 4. e4 g6 5. Bd3 Bg7 6. Nge2 O-O 7. Qd2 a6 8. h4
c5 9. d5 b5 10. Ng3 c4 11. Be2 Qa5 12. Nd1 Qxd2+ 13. Bxd2 Nc5 14. f3 e6 15.
dxe6 Bxe6 16. Bf4 Rfd8 17. Ne3 d5 18. exd5 Nxd5 19. Nxd5 Rxd5 20. c3 Rad8 21.
O-O Bf5 22. Nxf5 Rxf5 23. g3 Rfd5 24. Rae1 f5 25. Bg5 Re8 26. Bxc4 1-0

[Event "BEM MT"]
[Site "Gifhorn"]
[Date "2001.10.02"]
[Round "7"]
[White "Neumann, Ingo"]
[Black "Saide, Samer"]
[Result "1-0"]
[WhiteElo "1950"]
[BlackElo "1692"]
[PlyCount "95"]
[EventDate "2001.09.29"]

1. e4 c5 2. f4 d5 3. e5 Nc6 4. Nf3 Bg4 5. c3 e6 6. Be2 h5 7. d3 Nge7 8. Be3 Nf5
9. Bf2 Be7 10. Nbd2 a6 11. h3 Bxf3 12. Nxf3 h4 13. a3 Qc7 14. d4 c4 15. O-O Rg8
16. Qd2 Na5 17. Bd1 Qd8 18. Ng5 Bxg5 19. fxg5 f6 20. exf6 gxf6 21. Qe1 Kd7 22.
Bxh4 Nxh4 23. Qxh4 Rxg5 24. Rf2 f5 25. Qf4 Qe7 26. h4 Rg7 27. Bf3 Rag8 28. Re1
Qd6 29. Qe3 Nc6 30. h5 Nd8 31. b3 cxb3 32. Rb2 Qxa3 33. Reb1 Qd6 34. Rxb3 Kc8
35. Rb6 Qc7 36. h6 Rh7 37. Rxe6 f4 38. Qe1 Qd7 39. Re5 Rxh6 40. Rh5 Rxh5 41.
Bxh5 Qg7 42. Bf3 Qg5 43. Rb2 Rg6 44. Re2 Nf7 45. Re7 Qf6 46. Qe2 Ng5 47. Bxd5
f3 48. Qc4+ 1-0